| 000 | 00734cab a2200229 4500 | ||
|---|---|---|---|
| 001 | ABS39730 | ||
| 008 | 090401t1988 xxu||||| |||| 00| 0 eng d | ||
| 035 | _a(Sirsi) u18647 | ||
| 041 | _aeng | ||
| 100 | _aHall, S. | ||
| 245 | _aMaking those timely repairs | ||
| 260 | _c1988 | ||
| 350 | _a0 | ||
| 490 |
_aEstates Times _v(963) 23 September 1988, 14(1) |
||
| 520 | _aWith reference to caselaw, the author discusses problems facing landlords who want to enforce repairing obligation s on their tenants. | ||
| 650 | _aCOLCHESTER ESTATES CARDIFF V CARLTON INDUSTRIES | ||
| 650 | _aREPAIRING COVENANTS | ||
| 650 | _aSWALLOW SECURITIES V BRAND | ||
| 690 | _aPROPERTY-LANDLORD AND TENANT | ||
| 942 | _n0 | ||
| 948 | _c04/03/1997 | ||
| 999 |
_c12410 _d12410 |
||